000 01540nam a22002777a 4500
001 9879
003 FISKH
005 20260311105810.0
008 260311b cb ||||| |||| 00| 0 eng d
020 _a050086013647
040 _aFISKH
_beng
_cFISKH
_dFISKH
050 _aPZ7 .R313
100 _aWalt Disney
245 _aThe rescuers :
_bWith songs from the films /
_cBy Walt Disnep
260 _aCalifornia :
_bWalt Disnep Productions ,
_c1991.
300 _a24 pages :
_bcolor illustrations ;
_c18 X 18 cm .
490 _aThe Rescuers (Disney)
505 _aH
520 _aThe Rescuers tells the story of two brave mice, Bernard and Miss Bianca, who work for the Rescue Aid Society, an organization that helps kidnapped or distressed creatures in need. When they learn that a little girl named Penny has been kidnapped by the evil treasure hunter Madame Medusa, they volunteer to rescue her. Using their cleverness, courage, and teamwork, Bernard and Miss Bianca navigate traps, escape dangers, and finally save Penny from Medusa’s clutches. The story highlights friendship, bravery, and helping others, with humorous moments and daring adventures along the way. The book was designed to be read along with its accompanying record or cassette, so young readers could follow the story while listening to the narration.
521 8 _a430
_bLexile estimate
521 8 _aH
_bRaz-Plus
650 _aDisney
_vChildren's Books
650 _aMice
_vChildren's Books
942 _2ddc
_cBK
_n0
999 _c9879
_d9879